| 000 | 00393nam a2200133Ia 4500 | ||
|---|---|---|---|
| 008 | 231129s9999||||xx |||||||||||||| ||spa|| | ||
| 020 | _a84-494-1825-9 | ||
| 040 | _bspa | ||
| 082 | _a659.1 F382e | ||
| 100 | _aFerré Trenzano José María | ||
| 245 | 0 | _aEstrategias de comunicación. La publicidad en la empresa | |
| 264 | _aOceano | ||
| 942 |
_2ddc _cBKS |
||
| 999 |
_c13581 _d13581 |
||